Ortega y Gasset: Etapas de una filosofía

Gespeichert in:
Bibliographische Detailangaben
1. Verfasser: Ferrater Mora, José
Format: Buch
Sprache:Undetermined
Veröffentlicht: Barcelona, España Seix Barral 1973
Schlagworte:
Tags: Tag hinzufügen
Keine Tags, Fügen Sie den ersten Tag hinzu!

MARC

LEADER 00000nam a2200000Ia 4500
008 170316s9999 xx 000 0 und d
090 |a 100 F-11o 
100 |a Ferrater Mora, José 
245 |a Ortega y Gasset: Etapas de una filosofía 
260 |a Barcelona, España 
260 |b Seix Barral 
260 |c 1973 
300 |a 168 páginas 
650 |a FILOSOFÍA 
999 |c 16136  |d 16136 
040 |a cru BVZT 
942 |c 15 D  |h 100 F-11o  |2 z